000 01333nam0a22002891 4500
001 rc\3737180
005 20260406212644.0
021 _aRU
_b[72-79498]
035 _a(NLR Aleph) 007868804
090 _a7844070
_c7844070
100 _a20130115d1972 |||y0rusy50 ca
101 0 _arus
102 _aRU
105 _ay z |||||
200 1 _aСон и его нарушения
_eТезисы докл. симпозиума. Москва, 11-13 дек. 1972 г.
_f[Ред. коллегия: засл. деят. науки, проф. В.М. Банщиков и проф. А.М. Вейн (отв. редакторы) и др.]
_gВсерос. науч. мед. о-во невропатологов и психиатров. 1-й Моск. мед. ин-т им. И.М. Сеченова
210 _aМосква
_cБ. и.
_d1972
215 _a292 с.
_d21
606 _aСон
_jТезисы докладов
_2psbo
702 1 _aБанщиков
_bВ.М.
_f1898-1992
_gВасилий Михайлович
_4340
702 1 _aВейн
_bА.М.
_4340
712 0 2 _aВсероссийское науч. мед. о-во невропатологов и психиатров
_3RU\NLR\AUTH\889970125
_9436528
801 0 _aRU
_bNLR
_gpsbo
801 1 _aRU
_bELAR
_2rusmarc
852 _aNLR
_j72-5/3626
942 _cBOOK
980 _aNB